| 000 | 01555nam0a22003011 4500 | ||
|---|---|---|---|
| 001 | rc\4374136 | ||
| 005 | 20250612063324.0 | ||
| 021 |
_aRU _b[68-27976ж] |
||
| 035 | _a(NLR Aleph) 008542848 | ||
| 090 |
_a8357958 _c8357958 |
||
| 100 | _a20130416d1968 |||y0rusy50 ca | ||
| 101 | 0 | _arus | |
| 102 | _aRU | ||
| 105 | _aa z ||||| | ||
| 200 | 1 |
_aВопросы динамики и термодинамики рабочего тела автомобильных турбопоршневых и поршневых двигателей _e[Сборник статей _fОтв. ред. А.А. Липгарт |
|
| 210 |
_aМосква _cОтд. науч.-техн. информации] _d1968 |
||
| 215 |
_a53 с. _cчерт. _d22 |
||
| 225 | 1 |
_a[Центральный ордена Трудового Красного Знамени научно-исследовательский автомобильный и автомоторный институт]. Труды НАМИ _vВып. 99 |
|
| 300 | _aОписано по обл. На тит. л. только загл. серии | ||
| 320 | _aБиблиогр. в конце статей | ||
| 606 |
_aАвтомобильные двигатели _xРабочий процесс _jСборники _2psbo |
||
| 702 | 1 |
_4340 _7ca _8rus _aЛипгарт _bА. А. _cд-р техн. наук _f1898-1980 _gАндрей Александрович _9168746 _3RU\NLR\AUTH\770168796 |
|
| 801 | 0 |
_aRU _bNLR _gpsbo |
|
| 801 | 1 |
_aRU _bELAR _2rusmarc |
|
| 852 |
_aNLR _jП10/2236 |
||
| 942 | _cBOOK | ||
| 980 | _aNB | ||